| 000 | 00733nam a2200205 a 4500 | ||
|---|---|---|---|
| 001 | 000032763 | ||
| 005 | 20240229073937.0 | ||
| 008 | 110726t1958 dr c 000 0bspa d | ||
| 040 |
_aDO-SdBNP _bspa _cBNPHU |
||
| 082 | _aF-RD 83 | ||
| 100 | 1 |
_aJiménez Belén, J. _958593 |
|
| 245 | 1 | 0 |
_aTrujillo heroe inmortal : _bresumen de su vida y de su obra / _cJ. Jiménez Belén. |
| 250 | _a2ª ed. | ||
| 260 |
_aCiudad Trujillo, República Dominicana : _b[s.n], _c1958. |
||
| 300 |
_a79 p. : _bretr. ; _c23 cm. |
||
| 600 | 1 | 0 |
_aTrujillo Molina, Rafael Leónidas, _d 1891-1961 _976764 |
| 651 | 4 |
_aRepública Dominicana _xPolítica Y Gobierno _yERA DE TRUJILLO, 1930-1961 _91374 |
|
| 910 | _aValidado. Control de calidad EMS. | ||
| 049 | _aBNPD | ||
| 999 |
_c32254 _d32254 |
||